Bekannte Kirchen in NRW - Statistiken

Allgemein
  • Dieses Quiz wurde 131 mal gespielt
  • Das Durchschnittsergebnis liegt bei 6 aus 20
Antwortstatistiken
Bildquiz Antwort % Korrekt
Köln
100%
Aachen
68%
Köln
54%
Paderborn
54%
Münster
51%
Münster
50%
Essen
44%
Dortmund
40%
Bonn
23%
Velbert
21%
Corvey
19%
Düsseldorf
16%
Soest
15%
Köln
13%
Mönchengladbach
11%
Minden
10%
Kamp-Lintford
8%
Kevelaer
7%
Xanten
6%
Herford
0%
Keine übereinstimmenden Quizze gefunden
Verteilung der Resultate
Anzahl Personen mit jedem Resultat
Perzentil nach korrekt beantworteten Fragen
Ihre Resultats-Entwicklung
Sie haben dieses Quiz noch nicht gespielt